International Trips by U.S Presidents - Statistics

General Stats
  • This quiz has been taken 16 times
  • The average score is 17 of 67
Answer Stats
President Number of Trips Answer % Correct
Franklin D. Roosevelt 8 Canada
50%
Joe Biden 7 United Kingdom
50%
Joe Biden 1 Angola / Brazil / Cambodia / Canada / Egypt / Finland / France / India / Indonesia / Ireland / Lithuania / Mexico / Peru / Saudi Arabia / South Korea / Spain / Switzerland / Ukraine / Vatican City / Vietnam / West Bank
42%
Franklin D. Roosevelt 1 Argentina / British Leeward Islands / Antigua / Colombia / Haiti / Iran / Italy / Jamaica / Liberia / Martinique / Mexico / Morocco / Saint Lucia / Senegal / Soviet Union / Uruguay
42%
Harry S. Truman 1 Belgium / Bermuda / Brazil / Canada / Germany / Mexico / United Kingdom
42%
Woodrow Wilson 1 Belgium / Italy / United Kingdom / Vatican City
42%
Woodrow Wilson 5 France
42%
Richard Nixon 3 France / United Kingdom
42%
Ronald Reagan 3 France / United Kingdom / West Germany
42%
John F. Kennedy 1 Austria / Bahamas / Bermuda / Canada / Colombia / Costa Rica / France / Ireland / Italy / Mexico / Vatican City / Venezuela
33%
Jimmy Carter 1 Austria / Belgium / Brazil / India / Iran / Israel / Italy / Liberia / Mexico / Nigeria / Panama / Poland / Portugal / Saudi Arabia / South Korea / Spain / Switzerland / United Kingdom / Vatican City / Venezuela / West Germany / Yugoslavia
33%
Gerald Ford 1 Austria / Belgium / China / Finland / Indonesia / Italy / Japan / Mexico / Philippines / Poland / Romania / South Korea / Soviet Union / Spain / Vatican City / West Germany / Yugoslavia
33%
Richard Nixon 2 Austria / Belgium / Italy / Mexico / Portugal / Soviet Union / Vatican City
33%
Richard Nixon 1 Bermuda / Canada / China / Egypt / Iceland / India / Indonesia / Iran / Ireland / Israel / Jordan / Pakistan / Philippines / Poland / Romania / Saudi Arabia / South Vietnam / Spain / Syria / Thailand / West Germany / Yugoslavia
33%
Dwight D. Eisenhower 2 Bermuda / South Korea / United Kingdom
33%
Warren G. Harding 1 Canada
33%
Lyndon B. Johnson 3 Canada / Mexico
33%
Ronald Reagan 5 Canada / Mexico
33%
Gerald Ford 2 France
33%
Donald Trump 4 France
33%
Barack Obama 6 France / Germany
33%
Jimmy Carter 2 France / Japan
33%
William Howard Taft 1 Mexico
33%
Theodore Roosevelt 1 Panama
33%
John F. Kennedy 2 United Kingdom / West Germany
33%
Donald Trump 1 Afghanistan / Argentina / Canada / China / Finland / India / Iraq / Israel / North Korea / Philippines / Poland / Saudi Arabia / Singapore / Vatican City / West Bank
25%
Bill Clinton 1 Albania / Argentina / Australia / Austria / Bangladesh / Barbados / Belarus / Botswana / Brazil / Brunei / Bulgaria / Chile / China / (Hong Kong) / Colombia / Costa Rica / Croatia / Czech Republic / Denmark / El Salvador / Finland / Ghana / Greece / Guatemala / Haiti / Honduras / Hungary / India / Indonesia / Kuwait / Latvia / Macedonia / Morocco / Netherlands / New Zealand, Nicaragua / Nigeria / Norway / Oman / Pakistan / Palestinian Authority (West Bank and Gaza) / Portugal / Romania / Rwanda / Saudi Arabia / Senegal / Slovakia / Slovenia / South Africa / Syria / Tanzania / Thailand / Turkey / Uganda / Vatican City / Venezuela / Vietnam / Yugoslavia
25%
Franklin D. Roosevelt 2 Algeria / The Gambia / Malta / Newfoundland / Tunisia
25%
George H. W. Bush 1 Argentina / Australia / Chile / China / Colombia / Costa Rica / Czechoslovakia / Egypt / Greece / Hungary / Malta / Mexico / Panama / Russia / Singapore / Somalia / Soviet Union / Spain / Switzerland / Turkey / Uruguay / Venezuela
25%
Barack Obama 2 Australia / Belgium / Czech Republic / Denmark / India / Indonesia / Israel / Italy / Malaysia / Myanmar / Philippines / Portugal / Russia / South Africa / Turkey / Vatican City
25%
Lyndon B. Johnson 2 Australia / South Vietnam / Thailand
25%
Ronald Reagan 1 Barbados / Brazil / China / Colombia / Costa Rica / Finland / Grenada / Honduras / Iceland / Indonesia / Ireland / Jamaica / Portugal / South Korea / Soviet Union / Spain / Switzerland
25%
George H. W. Bush 2 Belgium / Bermuda / Brazil / Finland / Italy / Japan / Netherlands / Poland / South Korea / Vatican City
25%
Ronald Reagan 2 Belgium / Italy / Japan / Vatican City
25%
Bill Clinton 5 Canada / France / Japan / Russia / Switzerland
25%
Dwight D. Eisenhower 3 Canada / Mexico
25%
Lyndon B. Johnson 1 Costa Rica / El Salvador / Guatemala / Honduras / Italy / Malaysia / New Zealand / Nicaragua / Pakistan / Philippines / South Korea / Suriname / Uruguay / Vatican City / West Germany
25%
Calvin Coolidge 1 Cuba
25%
Dwight D. Eisenhower 4 France
25%
George H. W. Bush 6 France
25%
Joe Biden 4 Germany
25%
George H. W. Bush 3 Germany / Saudi Arabia / United Kingdom
25%
Donald Trump 3 Japan / United Kingdom
25%
Barack Obama 5 Mexico / United Kingdom
25%
Dwight D. Eisenhower 1 Afghanistan / Argentina / Brazil / Chile / Greece / India / Iran / Italy / Morocco / Pakistan / Panama / Philippines / Portugal / (Republic of China / Formosa / Taiwan) / Spain / Switzerland / Tunisia / Turkey / Uruguay / Vatican City / West Germany
17%
Barack Obama 1 Argentina / Brazil / Cambodia / Chile / Colombia / Costa Rica / Cuba / Egypt / El Salvador / Estonia / Ethiopia / Ghana / Greece / Iraq / Ireland / Jamaica / Jordan / Kenya / Laos / Netherlands / Norway / Panama / Peru / Senegal / Singapore / Spain / Sweden / Tanzania / Thailand / Trinidad and Tobago / Vietnam / West Bank
17%
Joe Biden 2 Belgium / Cape Verde / Israel / Italy / Japan / Poland
17%
Donald Trump 2 Belgium / Germany / Ireland / Italy / South Korea / Switzerland / Vietnam
17%
Bill Clinton 3 Bosnia and Herzegovina / Ireland / South Korea / Ukraine
17%
George H. W. Bush 4 Canada
17%
George W. Bush 4 Canada / China / France / Iraq / Japan
17%
Barack Obama 3 Canada / China / Poland
17%
Bill Clinton 6 Germany
17%
George W. Bush 6 Italy / Mexico / United Kingdom
17%
Bill Clinton 7 United Kingdom
17%
George W. Bush 2 Afghanistan / Australia / Belgium / Brazil / Colombia / Czech Republic / Indonesia / Ireland / Israel / Jordan / Latvia / Peru / Romania / Saudi Arabia / Singapore / Slovenia / Thailand
8%
Barack Obama 4 Afghanistan / Japan / Saudi Arabia / South Korea
8%
George W. Bush 1 Albania / Argentina / Austria / Bahrain / Benin / Botswana / Bulgaria / Chile / Croatia / Denmark / El Salvador / Estonia / Georgia / Ghana / Guatemala / Hungary / India / Kosovo / Kuwait / Liberia / Lithuania / Mongolia / Netherlands / Nigeria / Pakistan / Panama / Philippines / Portugal / Qatar / Rwanda / Senegal / Slovakia / South Africa / Spain / Sweden / Tanzania / Turkey / Uganda / Ukraine / United Arab Emirates / Uruguay / Vietnam / West Bank
8%
Franklin D. Roosevelt 4 Bahamas / Panama / Trinidad and Tobago
8%
Franklin D. Roosevelt 3 Brazil / Egypt
8%
George W. Bush 5 Germany / Vatican City
8%
Bill Clinton 8 Italy
8%
George W. Bush 7 Russia
8%
Bill Clinton 2 Belgium / Jordan / Mexico / Philippines / Poland / Spain
0%
Jimmy Carter 3 Egypt
0%
Bill Clinton 4 Egypt / Israel
0%
George W. Bush 3 Egypt / South Korea / Poland
0%
No matching quizzes found
Score Distribution
Percent of People with Each Score
Percentile by Number Answered
Your Score History
You have not taken this quiz